Rediscovering prophecy : (Record no. 10950)

MARC details
000 -LEADER
fixed length control field 01168cam a2200289 a 4500
001 - CONTROL NUMBER
control field 2879839
003 - CONTROL NUMBER IDENTIFIER
control field AUA.1
005 - DATE AND TIME OF LATEST TRANSACTION
control field 20140117111729.0
008 - FIXED-LENGTH DATA ELEMENTS--GENERAL INFORMATION
fixed length control field 861021t19861983oru b 000 0 eng
010 ## - LIBRARY OF CONGRESS CONTROL NUMBER
LC control number 86028437
020 ## - INTERNATIONAL STANDARD BOOK NUMBER
International Standard Book Number 0880701870 (pbk.) :
040 ## - CATALOGING SOURCE
Original cataloging agency DLC
Transcribing agency DLC
Modifying agency DLC
050 00 - LIBRARY OF CONGRESS CALL NUMBER
Classification number BS 1430.2
Item number .A36 1983
082 00 - DEWEY DECIMAL CLASSIFICATION NUMBER
Classification number 223/.2015
Edition number 19
100 1# - MAIN ENTRY--PERSONAL NAME
Personal name Allen, Ronald Barclay.
9 (RLIN) 39611
245 10 - TITLE STATEMENT
Title Rediscovering prophecy :
Remainder of title a new song for a new kingdom /
Statement of responsibility, etc Ronald B. Allen.
260 ## - PUBLICATION, DISTRIBUTION, ETC. (IMPRINT)
Place of publication, distribution, etc Portland, Or. :
Name of publisher, distributor, etc Multnomah Press,
Date of publication, distribution, etc [1986], c1983.
300 ## - PHYSICAL DESCRIPTION
Extent xi, 239 p. ;
Dimensions 21 cm.
500 ## - GENERAL NOTE
General note Rev. ed. of: When song is new. 1983.
504 ## - BIBLIOGRAPHY, ETC. NOTE
Bibliography, etc Includes bibliographical references.
630 00 - SUBJECT ADDED ENTRY--UNIFORM TITLE
Uniform title Bible.
Name of part/section of a work Psalms
General subdivision Criticism, interpretation, etc.
9 (RLIN) 39612
630 00 - SUBJECT ADDED ENTRY--UNIFORM TITLE
Uniform title Bible.
Name of part/section of a work Psalms
General subdivision Prophecies.
9 (RLIN) 39613
700 1# - ADDED ENTRY--PERSONAL NAME
Personal name Allen, Ronald Barclay.
Title of a work When song is new.
9 (RLIN) 39614
906 ## - LOCAL DATA ELEMENT F, LDF (RLIN)
a 7
b cbc
c orignew
d 1
e ocip
f 19
g y-gencatlg
942 ## - ADDED ENTRY ELEMENTS (KOHA)
Source of classification or shelving scheme Library of Congress Classification
Koha item type Books
Classification part BS 1430.2
Item part .A36 1983
Holdings
Withdrawn status Lost status Source of classification or shelving scheme Damaged status Not for loan Collection code Home library Current library Shelving location Date acquired Source of acquisition Cost, normal purchase price Serial Enumeration / chronology Total Checkouts Full call number Barcode Date last seen Cost, replacement price Price effective from Koha item type
    Library of Congress Classification     Books Judith Thomas Library Judith Thomas Library General Stacks 10/12/2013 Donation, Dr. Hans LaRondelle 10.00 AUA013976   BS 1430.2 .A36 1983 AUA013976 10/12/2013 10.00 10/12/2013 Books